000 01268cam a2200313Ia 4500
001 182944145
003 OCoLC
005 20200625111356.0
008 071207s2007 ag 000 f spa d
020 _a9870408346
020 _a9789870408345
035 _a(OCoLC)182944145
040 _aMCCPP
_cMCCPP
_dYDXCP
_dBTCTA
_dBAKER
_dLNQ
041 _aspa
043 _as-ag---
050 1 4 _aPQ7798.19.P37
_bM83 2007
100 1 _aIparraguirre, Sylvia.
_0http://id.loc.gov/authorities/names/n82114391
245 1 3 _aEl muchacho de los senos de goma /
_cSylvia Iparraguirre.
250 _a1. ed.
260 _aBuenos Aires :
_bAguilar, Altea, Taurus, Alfaguara,
_c2007.
300 _a345 pages ;
_c24 cm.
336 _atext
_btxt
_2rdacontent.
337 _aunmediated
_bn
_2rdamedia.
338 _avolume
_bnc
_2rdacarrier.
520 _aA teen struggles to survive, a philosophy professor faces contradictions in his life and a woman is confronted with the pain of death. All three live in Buenos Aires, a city where the poor, abandoned, and scorned all struggle to live.
650 0 _aInterpersonal relations
_vFiction.
_0http://id.loc.gov/authorities/subjects/sh2008104850.
651 0 _aBuenos Aires (Argentina)
_xSocial conditions
_vFiction.
942 _cBK
_2ddc
999 _c24608
_d24608